| 000 | 01553nam a2200217Ia 4500 | ||
|---|---|---|---|
| 999 |
_c56654 _d56654 |
||
| 001 | 23776 | ||
| 003 | GE_BSU | ||
| 005 | 20241018160157.0 | ||
| 008 | 181216s1993||||ge |||||||||||||| ||geo|| | ||
| 040 | _cGE_BSU | ||
| 041 | _ageo | ||
| 080 | _a611(084.4)ა-26 | ||
| 245 |
_aადამიანის ანატომიის ატლასი / _cშემდგ. და რედ. ზურაბ კაციტაძე; მხატვ. ი.კალაძე |
||
| 264 |
_aთბილისი : _bმედიცინა, _c1993. |
||
| 300 |
_a304 გვ. : _bილ.; _c 26 სმ. |
||
| 500 | _a წინამდებარე ქართულენოვან ატლასს საფუძვლად დაედო შემდგენლის მიერ ადრე გამოცემული სახელმძღვანელოების ორიგინალური ფერადი ილუსტრაციები და სხვადასხვა ცნობილი ავტორების (ძირითადად ი. სინელნიკოვის, კიშ-სანტაგოტაის და ლეონგარტის) ატლასების მასალები. | ||
| 653 | _aადამიანის ანატომია - ატლასები | ||
| 653 | _aმედიცინა | ||
| 700 |
_a კაციტაძე, ზურაბ _eშემდგენელ რედაქტორი _923446 |
||
| 942 |
_cBK _2udc |
||